[Event "Corus"]
[Site "Wijk aan Zee"]
[Date "2003.01.14"]
[Round "3"]
[White "Grischuk, Alexander"]
[Black "Karpov, Anatoly"]
[Result "1/2-1/2"]
[WhiteElo "2712"]
[BlackElo "2688"]
[Annotator "Huzman,A"]
[PlyCount "70"]
[EventDate "2003.01.11"]
[EventType "tourn"]
[EventRounds "13"]
[EventCountry "NED"]
[EventCategory "18"]
[SourceTitle "CBM 093"]
[Source "ChessBase"]
[SourceDate "2003.04.01"]
[SourceVersion "1"]
[SourceVersionDate "2003.04.01"]
[SourceQuality "1"]

1. e4 e5 2. Nf3 Nf6 3. Nxe5 d6 4. Nf3 Nxe4 5. d4 d5 6. Bd3 Nc6 7. O-O Be7 8. c4
Nb4 9. Be2 O-O 10. Nc3 Bf5 11. a3 Nxc3 12. bxc3 Nc6 13. Re1 Re8 14. Bf4 dxc4
15. Bxc4 Bd6 16. Rxe8+ Qxe8 17. Ng5 Bg6 18. Bxd6 cxd6 19. h4 Qe7 20. Qg4 h6 21.
Nf3 $146 {It is one more attempt of White to get an advantage. He tries to get
control over the "c"-line.} (21. Nh3 {[%cal Yh3f4,Yf4d5]} Qe4 (21... Qf6 22.
Re1 Bf5 23. Qf3 Kf8 $5 24. Nf4 Bd7 25. g3 Re8 26. Rxe8+ Bxe8 27. Qe4 $40 {
1-0 Anand,V-Karpov,A/Prague 2002/CBM 89/[Hecht/Stohl] (59)}) 22. Qg3 Na5 23.
Ba2 Qd3 24. Rf1 Qxg3 25. fxg3 Rc8 26. h5 Bd3 27. Bxf7+ Kf8 28. Rf2 Ke7 29. Bd5
Rf8 30. Nf4 Bh7 31. Ba2 Kd7 32. Ne6 Rxf2 33. Kxf2 Bg8 34. Nf8+ Ke8 35. Bxg8
Kxf8 36. Bd5 Ke7 37. Ke3 Kf6 38. Kf4 Nc6 39. Bxc6 bxc6 40. c4 Ke6 41. g4 Kf6
42. g5+ hxg5+ 43. Kg4 {1-0 Grischuk,A-Adams,M/Halkidiki 2002/CBM 92 no vc (43)}
) 21... Qe4 (21... Na5 $5 22. Bd5 Bd3 23. Re1 Qc7 24. Qg3 Bc4 25. Be4 Be6 $132)
22. Qg3 Rd8 (22... Na5 23. Re1 Qc6 24. Ba2 Bh5 (24... Bd3 25. Ne5 dxe5 26. Qxd3
$16) 25. Nd2 $14) (22... Qc2 $5 23. Re1 (23. Ne1 Qb2 24. Ra2 Qc1 $1 (24... Qb1
25. Re2 $14) 25. Re2 (25. Qxg6 Qxe1+ 26. Kh2 Ne5 $3 27. dxe5 d5 $1 28. Bxd5
Qxe5+ 29. Qg3 Qxd5 $15) 25... Nxd4 26. Bxf7+ Bxf7 27. cxd4 Qc4 $11) 23... Bh5
24. Re3 Qa4 $132) 23. Re1 Qf5 (23... Qc2 24. Bd5 Bh5 25. Qf4 $1 {/\} Qxc3 26.
g4 $16) 24. Ba2 Qf6 (24... Kf8 $5) 25. Nh2 (25. Bd5 $5 $36) 25... Qf5 26. Ng4
Kf8 27. Bb1 Qh5 28. Qf4 Bxb1 29. Rxb1 Rd7 $1 30. Ne3 Ne7 $1 31. g3 $6 (31. Qe4
Qg6 $11) (31. c4 $5 Qg6 32. Rb5 Qd3 $132) 31... Nd5 $11 32. Nxd5 Qxd5 33. Re1
Re7 $11 34. Rxe7 Kxe7 35. Qe3+ Qe6 1/2-1/2

[Event "RUS-ch 54th"]
[Site "Elista"]
[Date "2001.05.08"]
[Round "8"]
[White "Malakhov, Vladimir"]
[Black "Motylev, Alexander"]
[Result "0-1"]
[WhiteElo "2623"]
[BlackElo "2601"]
[Annotator "Huzman,A"]
[PlyCount "136"]
[EventDate "2001.04.29"]
[EventType "swiss"]
[EventRounds "9"]
[EventCountry "RUS"]
[SourceTitle "CBM 083"]
[Source "ChessBase"]
[SourceDate "2001.07.05"]
[SourceVersion "1"]
[SourceVersionDate "2001.07.05"]
[SourceQuality "1"]

1. e4 e5 2. Nf3 Nf6 3. Nxe5 d6 4. Nf3 Nxe4 5. d4 d5 6. Bd3 Nc6 7. O-O Be7 8. c4
Nb4 9. Be2 Be6 10. Nc3 O-O 11. Ne5 f6 12. Nf3 Kh8 13. Re1 c5 14. cxd5 Nxc3 15.
bxc3 Nxd5 16. c4 Nc3 17. Qd3 cxd4 18. Bf1 Bf7 {I recommended this move in
previous magane,but Motylev played it before the CD reached the subscribers!} (
18... Bg8 19. Nxd4 Bc5 20. Be3 Na4 21. Rab1 b6 22. Red1 Qe8 23. Qc2 Rd8 24. Rb5
$14 {1-0 Brodsky,M-Iordachescu,V/Bucharest ROM 2001 (43)}) 19. Nxd4 (19. Qxd4
Qxd4 20. Nxd4 Rfe8 $11) 19... Bb4 (19... Na4 20. Rb1 Nc5 21. Qf3 Qxd4 (21...
Re8 22. Nf5 Bf8 $11) 22. Rxe7 Qd6 $11) 20. a3 Ba5 21. Nb3 Qxd3 22. Bxd3 Bb6 23.
a4 (23. Bd2 Rfd8 24. Bf1 Na4 $15 {[%csl Ra3,Rc4]}) 23... Rfd8 24. Bf1 Nd1 $1 {
[%mdl 2048] It is not so often,that You can see Black`s Knight on this square.}
25. c5 (25. Ra2 Rac8 26. a5 (26. Re7 $2 Bxc4 27. Bxc4 Rxc4 28. Rxb7 Rb4 $19)
26... Bxf2+ 27. Rxf2 Nxf2 28. Kxf2 Bxc4 29. Bxc4 Rxc4 30. Be3 $15) 25... Bxb3
26. cxb6 axb6 27. Re4 {[%cal Ge4b4]} (27. Re7 Bd5 28. Bf4 Nc3 29. Rc1 Rdc8 $1
$17) 27... b5 $1 28. a5 (28. Bxb5 Nc3 $19) 28... Bc4 (28... Nc3 29. Re3 b4 30.
Bb2 Re8 31. Rg3 Rec8 $17) 29. Re7 (29. Bxc4 Nc3 $1 30. Re7 bxc4 31. f3 b5 $17)
29... Nc3 (29... Re8 30. Rxe8+ Rxe8 31. Bxc4 bxc4 32. Bd2 Nb2 33. Kf1 $44) 30.
Bb2 (30. Be3 $5 Bd5 (30... Bxf1 31. Kxf1 Rxa5 32. Rc1 Nd5 33. Rxb7 b4 34. Bd2
$15) 31. Bd4 b4 $17) 30... Na4 31. Ba3 (31. Rxa4 bxa4 32. Bxc4 Rxa5 33. Ba3 Re5
$17) 31... b6 $1 32. a6 Rxa6 33. Rae1 h5 34. Bb4 Nc5 35. Bxc5 bxc5 36. Bxc4
bxc4 37. Rc7 Re6 38. Rf1 Rd5 39. g3 Re2 40. Rc1 Rf5 $6 (40... Re4 $5) 41. Rxc4
Rfxf2 42. Rh4 $1 Rf5 (42... Rg2+ 43. Kh1 (43. Kf1 Ref2+ 44. Ke1 Ra2 45. Rxh5+
Kg8 46. Kf1 Rgf2+ 47. Ke1 Rfb2 48. Rd7 Rxh2 $19) 43... g6 44. Rxc5 (44. Ra4
Rxh2+ 45. Kg1 Reg2+ 46. Kf1 Ra2) 44... Ra2 45. Ra5 $140 Rxh2+ $19) 43. g4 Rd5
44. Rxh5+ Rxh5 45. gxh5 Re5 46. h6 $1 gxh6 47. Kf2 Kg8 48. Kf3 Kf8 49. h4 h5
50. Rh7 Ke8 51. Rc7 Kd8 52. Rf7 Rf5+ (52... c4 53. Rxf6 Kd7 54. Rf4 Rc5 55. Ke2
c3 56. Kd1 $11) (52... Re6 53. Rh7 $132 Rc6 54. Rxh5 c4 55. Ke2 Ke7 $17 {
[%cal Yc4c1,Yf6f1]}) 53. Ke4 Re5+ 54. Kd3 (54. Kf4 Re6 (54... c4 55. Rxf6 Rc5
56. Ke3 c3 57. Rf1 Ke7 58. Rc1 Ke6 59. Kd4 $11) 55. Rh7 c4 56. Rxh5 Rc6 $17) (
54. Kf3) 54... Rd5+ 55. Kc4 (55. Ke4 Rd6 56. Rh7 Rd4+ 57. Kf5 Rxh4 $17) 55...
Rf5 56. Kb5 Ke8 57. Rc7 Re5 58. Kc6 c4 59. Kd6 Re4 60. Rc5 Rxh4 61. Ke6 Kd8 62.
Kxf6 Kd7 63. Kg5 Kd6 $8 $19 64. Rc8 Re4 65. Kxh5 Kd5 66. Kg5 Kd4 67. Kf5 Kd3
68. Rc7 Rh4 0-1

[Event "Moscow Aeroflot op-A"]
[Site "Moscow"]
[Date "2005.02.23"]
[Round "9"]
[White "Motylev, Alexander"]
[Black "Bologan, Viktor"]
[Result "1-0"]
[WhiteElo "2665"]
[BlackElo "2683"]
[Annotator "Huzman,A"]
[PlyCount "68"]
[EventDate "2005.02.15"]
[EventType "swiss"]
[EventRounds "9"]
[EventCountry "RUS"]
[SourceTitle "CBM 106"]
[Source "ChessBase"]
[SourceDate "2005.06.06"]
[SourceVersion "1"]
[SourceVersionDate "2005.06.06"]
[SourceQuality "1"]

1. e4 e5 2. Nf3 Nf6 3. Nxe5 d6 4. Nf3 Nxe4 5. Nc3 Nxc3 6. dxc3 Be7 7. Be3 Nd7
8. Qd2 Ne5 9. O-O-O Nxf3 (9... Be6 10. Nd4 Bd7 11. f4 Ng4 12. Bg1 c6 13. Bd3
Qa5 14. Kb1 O-O-O 15. h3 Nf6 16. g4 $36 {1-0 Baklan,V-Balogh,T/Szombathely
1993/TD (37)}) (9... O-O 10. Kb1 (10. Bd4 Nxf3 11. gxf3 c5 12. Be3 Be6 13. c4
Bf6 14. Rg1 Qb6 $11 {0-1 Lukas,M-Lawitsch,G/Seefeld 1997/EXT 2000 (32)}) 10...
Be6 11. Nd4 Nc4 12. Bxc4 Bxc4 13. h4 Qd7 14. b3 Ba6 15. g4 Rfe8 16. Nf5 Bf6 17.
Bd4 Re2 18. Qf4 Qe6 $14 {1/2-1/2 Tseshkovsky,V-Motylev,A/Moscow RUS 2005/(32)})
10. gxf3 Be6 (10... O-O 11. h4 Be6 12. Bd3 (12. h5 Bf6 13. Rg1 Qd7 14. Bh6 g6
15. Bd3 $16 {1-0 Tseshkovsky,V-Giertz,N/Biel SUI 2004/(16)}) 12... f5 13. Bg5
Qd7 14. Rde1 Rae8 15. Rhg1 $36 {1/2-1/2 Radjabov,T-Motylev,A/Izmir TUR 2004/
(19)}) 11. Rg1 (11. Kb1 Bf6 12. Bd3 c6 13. a3 Qa5 14. f4 O-O-O 15. c4 {1/2-1/2
Van der Wiel,J-Barua,D/Novi Sad 1990/TD (15)}) (11. Bd3 c6 12. c4 d5 13. Qc3
O-O 14. Rhg1 g6 15. cxd5 cxd5 16. Bd4 Rc8 17. Qd2 Bf6 18. Qf4 Bxd4 19. Qxd4 Qa5
20. f4 $14 {1/2-1/2 Naiditsch,A-Landa,K/Bundesliga GER 2005/CT-1547 (24)})
11... Bf6 12. Bd4 (12. Kb1 c6 13. Bd4 Qa5 14. b3 O-O-O 15. Bxf6 gxf6 16. Qd4
Qe5 17. Qxa7 Qxh2 18. Kb2 Qe5 19. Bd3 Qc5 $11 {1/2-1/2 Cherniaev,A-Blauert,J/
Davos SUI 2004/(66)}) 12... Kf8 (12... O-O 13. Qf4 (13. Qh6 g6 14. h4 Bxd4 15.
cxd4 Qf6 16. h5 Bd5 17. Bd3 Bxf3 18. hxg6 fxg6 19. Bxg6 Qf4+ $11) 13... Bxd4
14. cxd4 c6 15. Bd3 $36) 13. Be3 {The bad position of the Kf8 prevents the
coordination of the black pieces. I think that exchange on f3 leads to a
difficult position for Black.} (13. Kb1 Bxd4 14. cxd4 (14. Qxd4 Qf6 15. Qe4 Rb8
$14)) 13... a5 (13... Qd7 14. Kb1 (14. a3 Re8 15. Bd4 Qd8 16. Bb5 c6 17. Bxf6
Qxf6 18. Qxd6+ Kg8 19. Bc4 $16 {1/2-1/2 Perelshteyn,E-Hauchard,A/Montreal 2005
(40)}) 14... Re8 15. Bd3 g6 16. Bh6+ Bg7 17. Qf4 Rg8 18. h4 $40 {1-0 Delgado,
N-Pavasovic,D/Calvia ESP 2004/(32)}) 14. a4 (14. a3 Rb8 {[%cal Yb7b4]}) 14...
b6 (14... Bd7 15. b3 Bc6 (15... b5 16. Bxb5 Bxb5 17. axb5 a4 18. Kb2 Ra5 19. b6
$16) 16. f4 $16) 15. Bd3 Rb8 16. b3 d5 17. f4 Qd6 18. Rg3 d4 $6 (18... h5 $142
19. f5 Bd7 20. Bg5 h4) 19. Bxd4 Bxd4 20. cxd4 Qxd4 21. Kb1 Rd8 (21... h5 22. f5
h4 23. Re3 Bd5 24. Rde1 $16) 22. Re1 Qf6 23. f5 Bc8 (23... Bxf5 24. Rf3 g6 25.
Qh6+ Qg7 26. Qe3 $1 Qf6 27. Bxf5 gxf5 28. Rxf5 Qxf5 29. Qe7+ Kg7 30. Rg1+ Qg6
31. Rxg6+ hxg6 32. Qe5+ Kg8 33. Qxc7 $16) 24. Qf4 Rd6 (24... Qd6 25. Qe3 h5 26.
Reg1 Rh7 27. Qg5 $16) 25. h4 h6 26. Qe4 Rd8 27. Qf4 Rd6 28. h5 Bd7 29. Qc4 c5
30. Qa6 Qd8 31. Ka2 Rf6 32. Bb5 $1 Bxb5 33. Qxb5 g5 {I think that from this
moment the text of the game is mistakable.} 34. Rd3 (34. fxg6 fxg6 35. Rge3 Kf7
36. Qc4+ Kf8 37. hxg6 $18) 34... Qc7 (34... Qc7 $2 35. Re8+ Kg7 36. Rxh8 Kxh8
37. Qe8+ Kg7 38. Rd8 $18) (34... Qc8 $13) 1-0

[Event "Corus"]
[Site "Wijk aan Zee"]
[Date "2003.01.12"]
[Round "2"]
[White "Topalov, Veselin"]
[Black "Anand, Viswanathan"]
[Result "0-1"]
[WhiteElo "2743"]
[BlackElo "2753"]
[Annotator "Huzman,A"]
[PlyCount "122"]
[EventDate "2003.01.11"]
[EventType "tourn"]
[EventRounds "13"]
[EventCountry "NED"]
[EventCategory "18"]
[SourceTitle "CBM 093"]
[Source "ChessBase"]
[SourceDate "2003.04.01"]
[SourceVersion "1"]
[SourceVersionDate "2003.04.01"]
[SourceQuality "1"]

1. e4 {Ftacnik} e5 2. Nf3 Nf6 3. Nxe5 d6 4. Nf3 Nxe4 5. d4 d5 6. Bd3 Nc6 7. O-O
Be7 8. c4 Nf6 9. h3 Nb4 10. Be2 dxc4 11. Bxc4 O-O 12. Nc3 c6 13. Re1 Nbd5 14.
Qb3 Nb6 15. Bd3 Be6 (15... Nfd5 16. a3 h6 17. Ne5 Bg5 18. Bxg5 Qxg5 19. Nf3 Qd8
20. Re5 Be6 21. Qc2 Nd7 22. Ree1 N7f6 $11 {0-1 St Amand,P-Barbeau,S/Quebec
1982/EXT 99 (50)}) (15... Qd6 16. Bg5 Be6 17. Qc2 h6 18. Bh4 Nbd5 19. Bg3 Qd8
20. a3 Re8 21. Ne4 Nxe4 22. Bxe4 Bf6 $11 {1/2-1/2 Heifez,E-Kranz,A/
Oberpullendorf 2002/CBM 89 ext (28)}) 16. Qc2 h6 (16... Bd5 17. Ne5 h6 18. Bf4
Re8 19. Re2 Be6 20. Qd2 Bf8 21. Rae1 Nbd5 22. Bg3 Rc8 23. Bh4 g5 24. Bg3 Nh5
25. Nxd5 Nxg3 26. fxg3 cxd5 27. Bb1 Qf6 28. Ng4 Qg7 29. Bf5 $16 {1-0
Ponomariov,R-Karpov,A/Wijk aan Zee NED 2003/The Week in Chess 429 (76)}) 17.
Rxe6 $146 {'!?' Ftacnik. After this typical exchange sacrifice White has full
compensation. But Black has enough resources for the defence. Ftacnik: 'In the
well known position Topalov chooses the method of a great shock with the help
of the exchange sacrifice. Anand himself has done the same in the game with
Jussupow, but under more favourable conditions.'} (17. Ne5 Re8 18. Bf4 Nbd5 19.
Nxd5 Nxd5 20. Bh7+ Kf8 21. Bd2 Bd6 22. Re2 Qf6 $11 {1/2-1/2 McDonald,N-Halasz,
T/Aarhus 1990/EXT 98 (32)}) (17. Bd2 Nbd5 18. a3 Rc8 (18... Nxc3 19. bxc3 c5
20. Rxe6 $1 fxe6 21. Re1 Qd6 22. Bc4 Nd5 23. Qe4 Rad8 24. dxc5 Qxc5 25. Bxh6
Rxf3 (25... gxh6 $2 26. Qg6+ Kh8 27. Qxh6+ Kg8 28. Qg6+ Kh8 29. Re5 $18) 26.
gxf3 gxh6 27. Qxe6+ Kf8 28. Re5 Rd6 29. Qxe7+ Nxe7 30. Rxc5 $16 {1/2-1/2 Anand,
V-Jussupow,A/Dortmund 1998/CBM 66/[ChessBase] (64)}) 19. Rad1 (19. Na4 Rc7 20.
Re2 (20. Nc5 Bc8 21. Rac1 Bd6 22. Ne5 Re8 23. b4 Rce7 24. Qb2 Nc7 25. a4 Ne6
26. Nxe6 Bxe6 27. Rcd1 Bd5 28. Bc3 Qc7 29. Bb1 Nd7 30. Qc2 Nf8 $11 {1/2-1/2
Lutz,C-Fridman,D/Essen 2002/CBM 90 (33)}) 20... Bd6 21. Rae1 Nh5 22. Bh7+ Kh8
23. Bf5 Nhf4 24. Bxf4 Nxf4 25. Re3 Nd5 26. R3e2 Nf4 27. Re3 {1/2-1/2 Gelfand,
B-Jussupow,A/Istanbul 2000/EXT 2001 (27)}) 19... Re8 20. Na4 Rc7 21. Ne5 Bf8
22. Ba5 b6 23. Bd2 Qc8 24. Re2 Rd8 25. b4 c5 26. bxc5 bxc5 27. Ba5 $16 {
1-0 Ivanchuk,V-Jussupow,A/Frankfurt 2000/CBM 76 ext (48)}) (17. a3 Nbd5 18. Na4
Nd7 19. Bd2 Re8 20. Rad1 Bf6 21. Ne5 Qc7 22. f4 Nf8 23. Nc5 Rad8 24. Bc1 Bc8
25. Qf2 Ne6 26. Ne4 Be7 27. Bc4 Nf8 28. f5 Nh7 29. Bf4 Qb6 30. Bxh6 $16 {
1-0 Bologan,V-Kasimdzhanov,R/Pamplona 2002/CBM 93_01 (41)}) 17... fxe6 18. Qe2
Qd7 (18... Qd6 $5 19. Bd2 (19. Ne4 Qd5 $13) 19... Nbd5 20. Re1 $44) 19. Bd2 (
19. Ne5 Qxd4 20. Ng6 Rf7 21. Ne5 Rd8 22. Nxf7 Kxf7 $17) 19... Bd6 20. Ne4 Nbd5
(20... Nxe4 {Ftacnik} 21. Qxe4 Rf5 22. Nh4 $40) 21. Nxd6 (21. Ne5 Qc7 22. Nxd6
Qxd6 23. Re1 $44) 21... Qxd6 22. Re1 Rad8 $1 {By this move Anand prepares
counterplay connected with move c5.} (22... Nf4 $2 {Ftacnik} 23. Bxf4 Qxf4 24.
Qxe6+ Kh8 25. Ne5 $18) 23. a3 (23. Qxe6+ Qxe6 24. Rxe6 Rfe8 $17) 23... Rfe8 24.
Bb1 c5 $1 (24... Nf4 {Ftacnik} 25. Qe3 g5 26. Qb3 Qd5 27. Qc2 $15) 25. Ne5 (25.
dxc5 Qxc5 26. Ne5 Qd4 $17) 25... cxd4 26. Qd3 Ne3 $6 {Ftacnik: 'White has
managed to organize some threats and Anand's reaction is not exact. With the
best play white could have been forced into suffering through difficult
endgame.'} (26... Ne7 $5 27. Ba2 Qb6 28. Nf3 Ned5 $17) (26... Qb6 {Ftacnik} 27.
Bxh6 $1 Qxb2 28. Bxg7 Qc3 $1 (28... Nf4 {Ftacnik} 29. Qf3 Ne2+ 30. Kh2 Kxg7 31.
Qd3 Nf4 32. Qg3+ Kf8 33. Qxf4 $16) 29. Bxf6 Qxd3 30. Bxd3 Nxf6 $17) 27. Nf3 (
27. Ng6 Nf5 28. g4 Ne3 $17 (28... Ne7 29. Bb4 Qc7 30. Bxe7 Rxe7 31. Nxe7+ Qxe7
32. Ba2 $44)) (27. fxe3 {Ftacnik} Qxe5 $19) 27... Ned5 (27... Nf5 {Ftacnik} 28.
Ba2 Nd5 29. Nxd4 Nxd4 30. Qxd4 a6 $17) 28. Bxh6 $1 (28. Ne5 $5 Qb6) 28... Nf4
$1 (28... gxh6 $2 {Ftacnik} 29. Qg6+ Kf8 30. Qxh6+ Kg8 31. Re5 $18) 29. Bxf4
Qxf4 30. Ba2 (30. Qb3 $1 Qd6 (30... b6 31. Bg6 Re7 32. Rxe6 $36) 31. Qxb7 (31.
Bd3 Nd7 (31... b6 32. Bc4 $44) 32. Ng5 $44) 31... Rd7 32. Qb3 (32. Qb5 {Ftacnik
} d3 $15) 32... d3 33. Rd1 Rb8 34. Qc3 $44) 30... Rd6 31. h4 {[%cal Gf3g5]} Qh6
(31... Nd7 {Ftacnik} 32. Qg6 Qf7 33. Qg3 $15) 32. Bc4 (32. Qf5 $5 Qh5 (32...
Kh8 33. Qc5 Rdd8 34. Ng5 $132) (32... d3 33. Bxe6+ Kf8 34. Qc5 Red8 35. Bb3 $13
) 33. Ng5 d3 34. Rxe6 Rexe6 35. Bxe6+ Kf8 36. Qc5 Ne8 37. Qf5+ $11) 32... Qh7
33. Qb3 d3 {'?!' Ftacnik.} (33... Rb6 $5 34. Qa4 (34. Qa2 {Ftacnik} d3 $15)
34... a6 35. Nxd4 Qxh4 36. Nxe6 Kh8 $17) 34. Rd1 $2 {Ftacnik: 'It is quite
remarkable, that two phenomenal tacticians have neglected th possibility of 34.
Rxe6! with a huge chances for a draw. Most likely explanation lays in the
territory of time trouble before the time control.'} (34. Rxe6 Rexe6 (34...
Rdxe6 {Ftacnik} 35. Bxe6+ Kh8 36. Ne5 Qh5 37. Nf7+ Qxf7 38. Bxf7 Re1+ 39. Kh2
d2 40. Qxb7 d1=Q 41. Qc8+ Kh7 42. Qf5+ $11) 35. Bxe6+ Kf8 36. Qb4 Ke7 (36...
Ne8 {Ftacnik} 37. Ng5 $14) 37. Qxb7+ Nd7 38. Bxd7 Rxd7 39. Qb4+ $11) 34... d2
$1 35. Qb4 (35. Rxd2 Rxd2 36. Nxd2 Qxh4 $17 37. Bxe6+ Kh8 38. Nf3 Qh6 $17) (35.
Qxb7 Qc2 36. Bb3 Qd3 37. Rxd2 (37. Ng5 Qe2 $17) 37... Qb1+ 38. Kh2 Rb6 $19)
35... Red8 $17 36. Ng5 Qc2 37. Bb3 (37. Qb3 {Ftacnik} Qxb3 38. Bxb3 Rc8 39. Kf1
Rcc6 40. Ke2 Rb6 $19) 37... Qc6 38. g3 (38. Qa5 {Ftacnik} Ra8 39. Nxe6 Rxe6 40.
Rxd2 Kh8 41. Bxe6 Qxe6 $17) (38. Kf1 {Ftacnik} Rc8 39. a4 Qa6+ 40. Qb5 Qxb5+
41. axb5 Rc1 $17) 38... Qb6 $1 $19 39. Nxe6 (39. Qc4 Rc6 $19) (39. Qa4 $142 Nh7
40. Nxh7 Kxh7 41. Qe4+ Kg8 42. Bc2 Qxb2 $19) (39. Qxb6 {Ftacnik} Rxb6 40. Nxe6
Rdd6 41. Nd4+ Kf8 42. Rxd2 Rxd4 43. Rxd4 Rxb3 $19) 39... Qxb4 40. axb4 Rc8 {
Ftacnik: 'Black has finally managed to defend himself and the pawn on d2 is
for Topalov a very unpleasant nut to crack.'} 41. Kf1 (41. Ng5+ Kf8 42. Ne6+
Kf7 43. Ng5+ Kg6 $19) 41... Kh8 42. Ng5 Rd4 43. Nf7+ Kh7 44. Ng5+ Kh6 45. Nf7+
Kg6 (45... Kh5 $5 {Ftacnik} 46. Ne5 Ne4 47. Ke2 Kh6 $19) 46. Ne5+ Kh7 47. Nf3
Rxb4 48. Nxd2 Rd8 49. Bc2+ (49. Ke2 {Ftacnik} Rxd2+ 50. Kxd2 Rxb3 $17) 49...
Kh8 50. b3 Rbd4 51. Ke1 b5 {Ftacnik: 'The defender has very bad cards with
passive pieces, but also after entangling white will not cope with the
queenside pawn majority.'} 52. Nb1 $6 (52. Nf3 Rxd1+ 53. Bxd1 a5 $19) 52...
Re8+ 53. Kf1 Rxd1+ 54. Bxd1 Ne4 55. Bc2 a5 56. Na3 (56. g4 b4 $19 {[%cal Ye4c3]
}) 56... Nd2+ 57. Kg2 Rb8 58. g4 b4 59. Nb1 Nxb1 60. Bxb1 Rc8 61. Bf5 Rc3 (
61... Rc3 62. Be6 a4 63. bxa4 b3 $19) 0-1

[Event "Corus"]
[Site "Wijk aan Zee"]
[Date "2004.01.17"]
[Round "6"]
[White "Anand, Viswanathan"]
[Black "Shirov, Alexei"]
[Result "1-0"]
[WhiteElo "2766"]
[BlackElo "2736"]
[Annotator "Huzman,A"]
[PlyCount "111"]
[EventDate "2004.01.10"]
[EventType "tourn"]
[EventRounds "13"]
[EventCountry "NED"]
[EventCategory "19"]
[SourceTitle "CBM 099"]
[Source "ChessBase"]
[SourceDate "2004.03.30"]
[SourceVersion "1"]
[SourceVersionDate "2004.03.30"]
[SourceQuality "1"]

1. e4 e5 2. Nf3 Nf6 3. Nxe5 d6 4. Nf3 Nxe4 5. d4 d5 6. Bd3 Bd6 7. O-O O-O 8.
Re1 Bf5 9. c4 c6 10. cxd5 cxd5 11. Nc3 Nxc3 (11... Bb4 12. Nxe4 (12. Re3 Nxc3
13. bxc3 Bxc3 14. Rb1 Bxd3 15. Qxd3 Ba5 16. Rxb7 Bb6 17. Ree7 Nc6 18. Ng5 $16 {
1/2-1/2 Sabo Benke,D-Castro,J/Hyeres 2002/EXT 2003 (28)}) 12... Bxe1 13. Neg5
Bxf2+ 14. Kxf2 Qf6 15. Qc2 Rc8 16. Qb1 Bg6 17. Bxg6 fxg6 18. Kg1 Nc6 19. Qd3 h6
20. Nh3 Nb4 21. Qb3 Rc4 22. Be3 Nc2 23. Rf1 Qb6 $44 {1-0 Grischuk,A-Lautier,J/
Cap D'Agde FRA 2003/(36)}) 12. bxc3 Bxd3 13. Qxd3 Nd7 14. Qf5 Nb6 ({The
attempt not to weaken K-side is not good enough as the next game showed} 14...
Nf6 15. Bg5 Qc8 16. Qd3 (16. Qxc8 $5 Raxc8 17. Bxf6 gxf6 18. Re3 $14) (16. Nh4
$1 $16) 16... Nh5 17. Qb5 Qc6 18. Rab1 Rab8 19. Be7 Bxe7 20. Rxe7 Qxc3 21. Qxd5
Nf4 22. Qb3 $14 {1-0 Smirnov,P-Priya,P/Chennai IND 2004/(48)}) 15. Ng5 g6 16.
Qh3 h5 17. g4 {White has to play very energetically because Black has an
advantage on the Q-side.} Qd7 (17... Qf6 $5 18. gxh5 Rfe8 19. Rxe8+ Rxe8 20.
Kf1 $13) 18. gxh5 Qxh3 19. Nxh3 Rfe8 (19... gxh5 20. Bf4 Rfd8 21. Kh1 $1 Rac8
22. Re3 $36 {[%cal Ga1g1]}) 20. Bf4 Bxf4 21. Nxf4 g5 22. Nh3 $14 Na4 (22... f6
23. f4 g4 24. Nf2 Kf7 (24... f5 25. h3 $16) 25. Kg2 Na4 26. Nxg4 Nxc3 27. Nh6+
Kf8 28. Nf5 $16) 23. Rac1 $1 Rxe1+ 24. Rxe1 Nxc3 (24... g4 $1 25. Ng5 (25. Nf4
Nxc3 $132) 25... f6 $1 26. Ne6 Nxc3 $132) 25. Re7 $1 {[%mdl 4096]} (25. Nxg5 $2
f6 26. Nh3 Kf7 $44) 25... Kg7 (25... f6 $1 26. h6 $1 (26. f4 g4 (26... Ne4 $1
27. Nf2 Nxf2 28. Kxf2 Rc8 29. fxg5 fxg5 30. Rxb7 Rc2+ 31. Kg3 Rxa2 $11) 27. Nf2
f5 28. Nd3 $1 Rc8 29. Ne5 Ne2+ 30. Kf2 Nxf4 31. h6 $18) 26... b5 27. f4 Ne4 28.
fxg5 fxg5 29. Nxg5 Nxg5 30. Rg7+ Kh8 31. Rxg5 Rd8 $14 (31... Rg8 32. h4)) 26.
Rc7 $1 (26. Nxg5 Kf6 27. Rc7 Kxg5 28. Rxc3 Kxh5 {White may count to get
drawing the rook endgame with pawns "f" and "h" in the best case.} 29. Rc7 Rg8+
30. Kf1 Rg4 31. Rxb7 Rxd4 32. Rxa7 Rd2 $14) 26... Ne2+ $2 (26... g4 $1 27. Nf4
(27. Rxc3 gxh3 $14) (27. Ng5 Ne2+ 28. Kg2 Kh6 $1 29. Nxf7+ Kxh5 $11) 27... Nxa2
28. Nxd5 b5 $132) 27. Kf1 Nxd4 28. Nxg5 $16 Kh6 29. Nxf7+ Kxh5 30. Rxb7 {
White has good winning chances as he has an extra pawn and an active rook.} Nf3
31. Rb5 Kg6 32. Rxd5 (32. Nd6 $5 Nxh2+ 33. Ke2 Kf6 34. f3 Ke6 35. Nb7 Rf8 $11)
32... Nxh2+ 33. Kg2 Kxf7 34. Kxh2 Ke6 35. Ra5 Kd6 36. f4 $2 (36. Kg3 Rg8+ 37.
Kf3 Rf8+ 38. Ke3 Re8+ 39. Kd4 Rf8 $16) (36. f3 $1 Rf8 37. Kg3 Rf7 38. f4 $16)
36... Rg8 $1 37. f5 (37. Rxa7 Ke6 38. Ra5 Rg4 39. f5+ Kf6 $11) 37... Ke7 38.
Rxa7+ Kf6 39. Ra5 Rg4 40. a4 Rb4 $4 (40... Rg8 41. Rb5 Rg4 42. a5 Kg5 43. Rd5
Kf6 44. Kh3 Rg1 45. Kh4 Rg2 $11) 41. Kg3 Rc4 42. Kf3 Rh4 43. Ke3 Rg4 44. Kd3
Rf4 45. Ra8 Kg7 46. Ra7+ Kf6 47. Ra5 Rh4 48. Kc3 (48. Ra8 $1 $18) 48... Rf4 49.
Kd3 Rh4 50. Ra8 $1 Kxf5 51. a5 Kg6 (51... Ke6 52. a6 Kd7 53. a7 Ra4 54. Rh8 $18
) 52. a6 Kg7 (52... Ra4 53. Kc3 Kg7 54. Kb3 Ra1 55. Kb4 $18 {[%cal Gb4b6,Gb6a7]
}) 53. Ra7+ $1 Kf6 (53... Kg8 54. Rb7 $18) 54. Kc3 $1 Re4 (54... Rh1 55. Ra8
Ra1 56. Kc4 $18) 55. Rh7 Ra4 56. a7 (56. a7 Ke6 57. Kb3 Ra1 58. Kb4 Kd6 59. Kb5
$18) 1-0